Indian classical literature / (Record no. 11144)

MARC details
000 -LEADER
fixed length control field 00565nam a22002057a 4500
005 - DATE AND TIME OF LATEST TRANSACTION
control field 20210220113433.0
008 - FIXED-LENGTH DATA ELEMENTS--GENERAL INFORMATION
fixed length control field 210220b ||||| |||| 00| 0 eng d
020 ## - INTERNATIONAL STANDARD BOOK NUMBER
International Standard Book Number 9789382976905
040 ## - CATALOGING SOURCE
Original cataloging agency IN-DiNC
Transcribing agency IN-DiNC
041 ## - LANGUAGE CODE
Language code of sung or spoken text English
082 ## - DEWEY DECIMAL CLASSIFICATION NUMBER
Classification number 891.209
Item number BUR
100 ## - MAIN ENTRY--PERSONAL NAME
Personal name Buragohain, Dipima
Relator term Author
245 ## - TITLE STATEMENT
Title Indian classical literature /
Statement of responsibility, etc. by Dipima Buragohain
250 ## - EDITION STATEMENT
Edition statement 1st ed.
260 ## - PUBLICATION, DISTRIBUTION, ETC.
Place of publication, distribution, etc. Golaghat:
Name of publisher, distributor, etc. Saraswati prakashan,
Date of publication, distribution, etc. 2020
300 ## - PHYSICAL DESCRIPTION
Extent vi, 149p.
650 ## - SUBJECT ADDED ENTRY--TOPICAL TERM
Topical term or geographic name entry element Sanskrit literature
650 ## - SUBJECT ADDED ENTRY--TOPICAL TERM
Topical term or geographic name entry element Classical Assamese drama
942 ## - ADDED ENTRY ELEMENTS (KOHA)
Source of classification or shelving scheme Dewey Decimal Classification
Koha item type Books
Holdings
Withdrawn status Lost status Source of classification or shelving scheme Damaged status Not for loan Collection code Home library Current library Shelving location Date acquired Cost, normal purchase price Total Checkouts Full call number Barcode Date due Date last seen Date last checked out Copy number Price effective from Koha item type
    Dewey Decimal Classification     English Central Library, Naharkatiya College Central Library, Naharkatiya College General Stacks 20/02/2021 120.00 9 891.209 BUR 28590 20/04/2026 27/03/2026 27/03/2026 1 20/02/2021 Books
    Dewey Decimal Classification     English Central Library, Naharkatiya College Central Library, Naharkatiya College General Stacks 20/02/2021 120.00 4 891.209 BUR 28591 31/08/2022 16/08/2022 16/08/2022 2 20/02/2021 Books

Naharkatiya College © 2020. All rights reserved.

Powered By